Normal view
MARC view
- Supervisor : Dr. Adeeb Shehzad
Entry Personal Name
001 - CONTROL NUMBER
- control field: 119503
003 - CONTROL NUMBER IDENTIFIER
- control field: NUST
005 - DATE AND TIME OF LATEST TRANSACTION
- control field: 20231206163213.0
008 - FIXED-LENGTH DATA ELEMENTS
- fixed length control field: 231206|| aca||aabn | a|a d
040 ## - CATALOGING SOURCE
- Original cataloging agency: NUST
- Transcribing agency: NUST
100 ## - HEADING--PERSONAL NAME
- Personal name: Supervisor : Dr. Adeeb Shehzad
670 ## - SOURCE DATA FOUND
- Source citation: Work cat.: (NUST): Kamran Shahzad, Muhammad 119502, Biomineralization of PET (Polyethylene terephthalate) plastic through Sporosarcina species for plastic waste management /
